| 000 | 00933cam a22002531 4500 | ||
|---|---|---|---|
| 001 | 3581905 | ||
| 005 | 20061025155523.0 | ||
| 008 | 731023s1944 nyu | 000 0 eng d | ||
| 010 | _a 44006080 | ||
| 040 |
_aDLC _cDLC _dDLC |
||
| 043 | _an-us--- | ||
| 050 | 0 | 0 |
_aE744 _b.W52 |
| 082 | 0 | 0 |
_a327.73 _bWEL _222 |
| 100 | 1 |
_aWelles, Sumner, _d1892-1961. _99936 |
|
| 245 | 1 | 4 |
_aThe Time For Decision/ _cSumner Welles |
| 260 |
_aNew York: _bHarper & brothers, _c1944 |
||
| 300 |
_avii p., 431 p.; _c23 cm. |
||
| 500 | _aDonated by: Alaa Abdel Ghany | ||
| 650 | 0 |
_aWorld War, 1939-1945 _zUnited States. _99937 |
|
| 650 | 0 |
_aReconstruction (1939-1951) _99938 |
|
| 651 | 0 |
_aUnited States _xForeign relations _y1933-1945. _99939 |
|
| 942 |
_2ddc _cBB |
||
| 999 |
_c13038 _d13038 |
||